01712cab a2200253Ia 4500001000800000003000600008008004100014040000800055041001300063100002300076240008600099245011700185246012900302300001700431504002500448520071500473546002301188650002201211650001501233650002001248700002301268773008901291856007801380u210447SIRSI120530s2014 ua ss b eng d aEAL aengbara1 aElgohary, Fatma M.10aMinufiya journal of agricultural research, 2014 v. 39 (5)h[electronic resource].10aImproving the efficiency of zinc phosphide bait using potassium tartrate against rodentsh[electronic resource].15aتحسين كفاءة طعم فوسفيد الزنك باستخدام طرطرات البوتاسيوم ضد القوارض. ap.1705-1709. aIncludes references. aLaboratory and field trials were conducted to increase the efficiency of zinc phosphide bait against rats using potassium tartrate. Potassium tartrate was tested alone and mixed with zinc phosphide bait using non choice feeding methods against black rats, Rattus rattus. Laboratory results indicated that potassium tartrate at rate 8% when added to 1. 5% zinc phosphide bait enhanced the mortality from 60 to 80%. The field performance was in harmony with laboratory results as potassium tartrate enhanced the population reduction of Norwey rat from 28. 1 to 70.5% when added potassium tartrate. Also, the consumed amount at bait increase to 27. 7g/Fadden comparing with 20g only for zinc phosphide bait alone. aSummary in Arabic. 0aRodentsxControl. 0aPotassium. 3azinc phosphide.1 aAbdelhady, Eman A.0 tMinufiya Journal of Agricultural Research. g2014. v.39(5)x1110-02657nnaswu15815140uhttp://nile.enal.sci.eg/EALE/2014/MJAR/3914/5/1705.pdfzFull Text Article